=LDR 00000nam 2200000 4500 =001 INLIS000000000014020 =005 20130612105327 =008 ***********************************Ind** =035 ##$$0010-061300000014020 =041 ##$$a Ind =082 ##$$a R.343.096 =090 ##$$a R.343.096, Sub u =100 ##$$a Subroto, Thomas =245 ##$$a Undang-undang no.21 th 1992 tentang pelayaran, Thomas Soebroto =260 ##$$a 1993 $b Semarang =300 ##$$a vi, 158 hlm, 18 cm =650 ##$$a Pelayaran =650 ##$$a Undang-undang dan peraturan =850 ##$$a NBPNMAT